000 00352nam a2200133Ia 4500
005 20260328104309.0
008 260328s9999||||xx |||||||||||||| ||und||
100 _aBroto, Carles
245 0 _aArquitectura Contemporánea Vivienda Social /
_cCarles Broto
260 _bLinks
300 _a299 p.
650 _aVIVIENDA DE INTERÉS SOCIAL
942 _cBK
999 _c10887
_d10887